00382nam a2200157Ia 45000030006000000050017000060080041000230200015000640400009000790410012000880820015001001000020001152450039001352500006001742600044001800Nust20170105110254.0161124s9999 xx 000 0 und d a8123911777 cIGIS aEnglish a604.2bBHA aM Bhattacharyya aFundamental of Engineering Drawing a4 aIndiabS K Jain for CBS Publisherc2004